000 02048cam a22004814i 4500
003 PE-LiUPU
005 20250731172737.0
008 150617s r 000 0 d
020 _a0891306099
035 _a(Sirsi) i9780891306092
040 _aPE-LiUPU
_bspa
_cPE-LiUPU
_erda
049 _aPRUA
082 0 4 _a220.9
_bH17
_221
100 1 _aHalpern, Baruch,
_eautor.
245 1 4 _aThe emergence of Israel in Canaan /
_cBaruch Halpern.
264 1 _aChico, California :
_bScholars Press,
_c1983.
300 _a334 páginas ;
_c24 centímetros.
336 _atext
_2rdacontent
337 _aunmediated
_2rdamedia
338 _avolume
_2rdacarrier
490 0 _aSociety of biblical literature. Monograph series ;
_v29
505 0 _aThe textual sources -- The emergence of Israel in Canaan -- The Israelite conquest -- Canaan in the amarna period -- The emergence of Israel in Canaan -- Israel's growth from amarna to Deborah -- The making of historical Israel -- The lists of Israel's tribes -- The tribes of Israel's lists -- The sectional components of Israel -- The organization of pre-monarchic Israel -- Authority in Israel in the pre-monarchic era -- Political development in Israel in the period from Deborah to Saul -- Reflections.
526 _aSEG42
526 _aSEG41
526 _aSEG40
526 _aSEG39
526 _aP94
526 _aP87
526 _aP86
526 _aP85
526 _aP77
526 _aP76
526 _aP35
630 _aBiblia
_pA.T.
_pProfetas
_xHistoria de eventos bíblicos.
650 0 4 _aJudíos
_xHistoria
_y1200-953 A.C.
910 _ajck
_bjvq
_cjck
_d20150616
942 _2ddc
_cBOOK
949 _a220.9 H17
_wDEWEY
_c1
_i27516
_lCCODEBUL1
_mBUL
_r0
_sY
_tBOOK
_u2015-4-21
_xTEOLOGIA
_PP35
_0COMPRA
_o.STAFF. Colección General
994 _aC0
_bPEPRU
596 _a1
999 _a220.9 H17
_wDEWEY
_c1984
_i27516
_f2021-11-11
_g5
_lCCODEBUL1
_mBUL
_r0
_sY
_tBOOK
_u2015-4-21
_xTEOLOGIA
_PP35
_0COMPRA
_o.STAFF. Colección General
_d1984
980 _81
_gALBERTO SANCHEZ Responsable de Automatización